<?xml version="1.0" encoding="UTF-8"?>
<record
    xmlns:xsi="http://www.w3.org/2001/XMLSchema-instance"
    xsi:schemaLocation="http://www.loc.gov/MARC21/slim http://www.loc.gov/standards/marcxml/schema/MARC21slim.xsd"
    xmlns="http://www.loc.gov/MARC21/slim">

  <leader>01135nam0a22003611  4500</leader>
  <controlfield tag="001">RU\NLR\A1SV\90788</controlfield>
  <controlfield tag="005">20251119121732.0</controlfield>
  <datafield tag="035" ind1=" " ind2=" ">
    <subfield code="a">(NLR Aleph) 009772143</subfield>
  </datafield>
  <datafield tag="090" ind1=" " ind2=" ">
    <subfield code="a">10060197</subfield>
    <subfield code="c">10060197</subfield>
  </datafield>
  <datafield tag="100" ind1=" " ind2=" ">
    <subfield code="a">20081127d1918    u  y0rusy50      ca</subfield>
  </datafield>
  <datafield tag="101" ind1="0" ind2=" ">
    <subfield code="a">rus</subfield>
  </datafield>
  <datafield tag="102" ind1=" " ind2=" ">
    <subfield code="a">RU</subfield>
  </datafield>
  <datafield tag="200" ind1="1" ind2=" ">
    <subfield code="a">&#x41F;&#x430;&#x43C;&#x44F;&#x442;&#x438; &#x447;&#x438;&#x43A;&#x430;&#x433;&#x441;&#x43A;&#x438;&#x445; &#x43C;&#x443;&#x447;&#x435;&#x43D;&#x438;&#x43A;&#x43E;&#x432;</subfield>
    <subfield code="e">&#x421; &#x43F;&#x440;&#x438;&#x43B;. &#x441;&#x442;. &#x438;&#x437; R&#xE8;volle</subfield>
    <subfield code="f">&#x41A;.&#x418;&#x43B;&#x438;&#x430;&#x448;&#x432;&#x438;&#x43B;&#x438; (&#x41A;.&#x41E;&#x440;&#x435;&#x433;&#x438;&#x430;&#x43D;&#x438;) [!]</subfield>
  </datafield>
  <datafield tag="210" ind1=" " ind2=" ">
    <subfield code="a">&#x421;&#x430;&#x440;&#x430;&#x442;&#x43E;&#x432;</subfield>
    <subfield code="c">&#x421;&#x432;&#x43E;&#x431;&#x43E;&#x434;. &#x430;&#x441;&#x441;&#x43E;&#x446;. &#x430;&#x43D;&#x430;&#x440;&#x445;. &#x433;&#x440;&#x443;&#x43F;&#x43F;</subfield>
    <subfield code="d">1918</subfield>
  </datafield>
  <datafield tag="215" ind1=" " ind2=" ">
    <subfield code="a">35 &#x441;.</subfield>
    <subfield code="d">18 &#x441;&#x43C;</subfield>
  </datafield>
  <datafield tag="225" ind1=" " ind2=" ">
    <subfield code="a">&#x411;-&#x43A;&#x430; "&#x413;&#x43E;&#x43B;&#x43E;&#x441; &#x430;&#x43D;&#x430;&#x440;&#x445;&#x438;&#x438;"</subfield>
    <subfield code="v">&#x2116; 3</subfield>
  </datafield>
  <datafield tag="300" ind1=" " ind2=" ">
    <subfield code="a">&#x421;&#x435;&#x440;. &#x443;&#x43A;&#x430;&#x437;&#x430;&#x43D;&#x430; &#x43D;&#x430; &#x43E;&#x431;&#x43B;.</subfield>
  </datafield>
  <datafield tag="620" ind1=" " ind2=" ">
    <subfield code="d">&#x421;&#x430;&#x440;&#x430;&#x442;&#x43E;&#x432;</subfield>
  </datafield>
  <datafield tag="700" ind1=" " ind2="1">
    <subfield code="6">z01790</subfield>
    <subfield code="6">z02790</subfield>
    <subfield code="a">&#x41E;&#x440;&#x433;&#x435;&#x438;&#x430;&#x43D;&#x438;</subfield>
    <subfield code="b">&#x41A;.</subfield>
    <subfield code="f">1878-1924</subfield>
  </datafield>
  <datafield tag="790" ind1=" " ind2="1">
    <subfield code="6">z01700</subfield>
    <subfield code="a">&#x41E;&#x440;&#x435;&#x433;&#x438;&#x430;&#x43D;&#x438;</subfield>
    <subfield code="b">&#x41A;.</subfield>
  </datafield>
  <datafield tag="790" ind1=" " ind2="1">
    <subfield code="6">z02700</subfield>
    <subfield code="a">&#x418;&#x43B;&#x438;&#x430;&#x448;&#x432;&#x438;&#x43B;&#x438;</subfield>
    <subfield code="b">&#x41A;.</subfield>
  </datafield>
  <datafield tag="801" ind1=" " ind2="0">
    <subfield code="a">RU</subfield>
    <subfield code="b">NLR</subfield>
    <subfield code="c">20081127</subfield>
  </datafield>
  <datafield tag="852" ind1=" " ind2=" ">
    <subfield code="a">NLR</subfield>
    <subfield code="j">65-4/522</subfield>
  </datafield>
  <datafield tag="852" ind1=" " ind2=" ">
    <subfield code="a">NLR</subfield>
    <subfield code="j">65-4/522&#x430;</subfield>
  </datafield>
  <datafield tag="899" ind1=" " ind2=" ">
    <subfield code="a">&#x413;&#x410;&#x420;&#x424;</subfield>
  </datafield>
  <datafield tag="899" ind1=" " ind2=" ">
    <subfield code="a">&#x417;&#x41D;&#x411; &#x421;&#x413;&#x423;</subfield>
  </datafield>
  <datafield tag="899" ind1=" " ind2=" ">
    <subfield code="a">&#x413;&#x41F;&#x418;&#x411;</subfield>
  </datafield>
  <datafield tag="899" ind1=" " ind2=" ">
    <subfield code="a">&#x421;&#x430;&#x43C;&#x41E;&#x423;&#x41D;&#x411;</subfield>
  </datafield>
  <datafield tag="899" ind1=" " ind2=" ">
    <subfield code="a">&#x420;&#x413;&#x411;</subfield>
  </datafield>
  <datafield tag="942" ind1=" " ind2=" ">
    <subfield code="c">BOOK</subfield>
  </datafield>
  <datafield tag="980" ind1=" " ind2=" ">
    <subfield code="a">A1SV</subfield>
  </datafield>
  <datafield tag="980" ind1=" " ind2=" ">
    <subfield code="a">NB</subfield>
  </datafield>
</record>
